Dĺžka pracovného času
Významnú úlohu vo vývoji dĺžky a organizácie pracovného času zohrávajú dohovory a odporúčania Medzinárodnej organizácie práce (MOP). Prvý dohovor prijatý MOP v roku 1919 bol Dohovor o pracovnom čase v priemysle, ktorý ustanovoval 8 hodinový pracovný deň a 48 hodinový pracovný týždeň. Doposiaľ prijal...
Guardado en:
| Autor principal: | |
|---|---|
| Formato: | Capítulo de libro |
| Lenguaje: | eslovaco |
| Materias: | |
| Etiquetas: |
Sin Etiquetas, Sea el primero en etiquetar este registro!
|
MARC
| LEADER | 00000naa a2200000 4500 | ||
|---|---|---|---|
| 001 | 0312158 | ||
| 005 | 20250911081136.2 | ||
| 041 | 0 | |a slo | |
| 044 | |a SK | ||
| 245 | 1 | 0 | |a Dĺžka pracovného času |c Lucia Petríková |
| 520 | |a Významnú úlohu vo vývoji dĺžky a organizácie pracovného času zohrávajú dohovory a odporúčania Medzinárodnej organizácie práce (MOP). Prvý dohovor prijatý MOP v roku 1919 bol Dohovor o pracovnom čase v priemysle, ktorý ustanovoval 8 hodinový pracovný deň a 48 hodinový pracovný týždeň. Doposiaľ prijala MOP asi 15 dohovorov a 10 odporúčaní, ktoré sa bezprostredne dotýkajú pracovného času. | ||
| 610 | 2 | 0 | |a právo pracovné |
| 610 | 2 | 0 | |a čas pracovný |
| 610 | 2 | 0 | |a zamestnanci |
| 610 | 2 | 0 | |a zamestnávatelia |
| 610 | 2 | 0 | |a zákony |
| 610 | 2 | 0 | |a legislatíva |
| 100 | 1 | |a Petríková, Lucia | |